Carreaux céramiques holandais au Portugal et en Espagne / (Record no. 138822)

MARC details
000 -LEADER
campo de control de longitud fija 00524nam a2200157 4500
001 - NÚMERO DE CONTROL
campo de control 138822
003 - IDENTIFICADOR DE NÚMERO DE CONTROL
campo de control ES-MaACL
005 - FECHA Y HORA DE LA ÚLTIMA TRANSACCIÓN
campo de control 20230906195638.0
007 - CAMPO FIJO DE DESCRIPCIÓN FÍSICA--INFORMACIÓN GENERAL
campo de control de longitud fija t|
008 - DATOS DE LONGITUD FIJA--INFORMACIÓN GENERAL
campo de control de longitud fija 070214s1959 ne r ||||1| fre d
100 1# - ENTRADA PRINCIPAL--NOMBRE DE PERSONA
Nombre de persona Simes, Joao Miguel dos Santos.
9 (RLIN) 106470
245 10 - MENCIÓN DEL TÍTULO
Título Carreaux céramiques holandais au Portugal et en Espagne /
Mención de responsabilidad, etc. par J.M. dos Santos Simoes.
260 ## - PUBLICACIÓN, DISTRIBUCIÓN, ETC.
Lugar de publicación, distribución, etc. La Haya :
Nombre del editor, distribuidor, etc. Martinus Nijhoff,
Fecha de publicación, distribución, etc. 1959.
300 ## - DESCRIPCIÓN FÍSICA
Extensión 4 h., 142 p., 1 h., XXXIX, 2 lám. ;
Dimensiones 31 cm +
Material acompañante/anejo 1 map.
852 ## - LOCALIZACIÓN
Ubicación ES-MaACL
Número de control de estantería C-26825
Sublocalización o colección R.55893
Holdings
Estatus retirado Estado de pérdida Estado de daño No para préstamo Biblioteca de origen Biblioteca actual Ubicación en estantería Fecha de adquisición Fuente de adquisición Total de préstamos Signatura topográfica completa Código de barras Visto por última vez Precio de reemplazo Tipo de ítem Koha
        Biblioteca del Ateneo de Madrid Biblioteca del Ateneo de Madrid Depósito 2 17/01/2008     C-26825 1144455 23/02/2023 23/02/2023 Libro impreso